[Event "WYCC 2018 O16"]
[Site "Halkidiki"]
[Date "2018.10.27"]
[Round "8"]
[White "Travadon, Loic"]
[Black "Velkovski, Kristijan"]
[Result "1-0"]
[WhiteElo "2293"]
[BlackElo "1887"]
[Annotator "NA"]
[PlyCount "109"]
[EventDate "2018.10.20"]
[EventType "swiss"]
[EventCountry "GRE"]
[SourceTitle "playchess.com"]
[Source "ChessBase"]
[SourceQuality "1"]
[TimeControl "40/5400+30:1800+30"]

1. Nf3 {[%emt 0:00:00]} d5 {[%emt 0:00:00]} 2. g3 {[%emt 0:00:00]} Nf6 {[%emt 0:00:18]} 3. Bg2 {[%emt 0:00:00]} e6 {[%emt 0:00:55]} 4. O-O {[%emt 0:00:00]} Be7 {[%emt 0:00:56]} 5. c4 {[%emt 0:00:00]} c6 {[%emt 0:00:30]} 6. b3 {[%emt 0:00:41]} O-O {[%emt 0:00:19]} 7. Bb2 {[%emt 0:00:05]} Nbd7 {[%emt 0:01:49]} 8. d3 {[%emt 0:04:08]} b6 {[%emt 0:03:22]} 9. e4 {[%emt 0:00:47]} Bb7 {[%emt 0:05:57]} 10. e5 {[%emt 0:00:36]} Ne8 {[%emt 0:00:27]} 11. Qe2 {[%emt 0:00:58]} g6 {[%emt 0:05:39]} 12. h4 $14 {[%emt 0:01:44]} Ng7 {[%emt 0:02:02]} 13. Nbd2 {[%emt 0:01:28]} Rc8 {[%emt 0:03:03]} 14. Rad1 {[%emt 0:01:17]} Re8 {[%emt 0:01:21]} 15. Rfe1 {[%emt 0:00:30]} f5 {[%emt 0:10:11]} 16. exf6 {[%emt 0:00:07]} Bxf6 {[%emt 0:00:10]} 17. Bxf6 {[%emt 0:00:36]} Qxf6 {[%emt 0:00:56]} 18. Bh3 {[%emt 0:02:01]} Re7 {[%emt 0:06:43]} 19. Nh2 {[%emt 0:03:13]} Nf5 {[%emt 0:03:33]} 20. Bxf5 {[%emt 0:04:05]} Qxf5 {[%emt 0:07:36]} 21. Ng4 {[%emt 0:02:20]} Kg7 {[%emt 0:04:13]} 22. Ne3 {[%emt 0:01:19]} Qf7 {[%emt 0:04:34]} 23. Nf3 {[%emt 0:00:20]} h6 {[%emt 0:00:53]} 24. Ng4 {[%emt 0:00:23]} Rf8 {[%emt 0:01:19]} 25. Nd4 {[%emt 0:02:01]} e5 {[%emt 0:01:58]} 26. f4 {[%emt 0:02:00]} e4 {[%emt 0:07:09]} 27. cxd5 {[%emt 0:03:14]} cxd5 {[%emt 0:00:11]} 28. dxe4 {[%emt 0:02:11]} Rxe4 {[%emt 0:00:50]} 29. Qb2 {[%emt 0:00:09]} Kh7 {[%emt 0:01:36]} 30. Rxe4 {[%emt 0:01:30]} dxe4 {[%emt 0:00:19]} 31. Qd2 {[%emt 0:02:57]} Nf6 {[%emt 0:03:33]} 32. Nxf6+ {[%emt 0:05:25]} Qxf6 {[%emt 0:00:06]} 33. Nc2 {[%emt 0:00:11]} Rf7 {[%emt 0:01:30]} 34. Ne3 {[%emt 0:00:15]} Qe6 {[%emt 0:03:01]} 35. Kg2 {[%emt 0:02:47]} Bc8 {[%emt 0:02:10]} 36. Rh1 {[%emt 0:02:18]} Rd7 {[%emt 0:00:52]} 37. Qc1 {[%emt 0:00:14]} Rd3 {[%emt 0:01:04]} 38. Kf2 {[%emt 0:05:58]} Qd7 {[%emt 0:05:33]} 39. Rd1 {[%emt 0:00:12]} h5 {[%emt 0:03:53]} 40. Rxd3 {[%emt 0:00:00]} exd3 {[%emt 0:00:00]} 41. Ke1 {[%emt 0:02:02]} Ba6 {[%emt 0:06:24]} 42. Kd2 {[%emt 0:02:05]} Qb7 {[%emt 0:05:11]} 43. f5 {[%emt 0:05:20]} gxf5 {[%emt 0:00:32]} 44. Qf1 {[%emt 0:00:17]} Qe4 {[%emt 0:02:16]} 45. Qxf5+ {[%emt 0:00:32]} Qxf5 {[%emt 0:00:06]} 46. Nxf5 {[%emt 0:00:04]} Bb5 {[%emt 0:04:36]} 47. Nd6 {[%emt 0:00:13]} Bc6 {[%emt 0:00:19]} 48. Kxd3 {[%emt 0:00:30]} Kg6 {[%emt 0:00:25]} 49. Ke3 {[%emt 0:01:52]} a6 {[%emt 0:01:25]} 50. Nc8 {[%emt 0:00:29]} Kf6 {[%emt 0:00:46]} 51. Nxb6 {[%emt 0:00:07]} Kf5 {[%emt 0:00:28]} 52. Nc4 {[%emt 0:00:07]} Bd5 {[%emt 0:01:09]} 53. Nd2 {[%emt 0:00:14]} Kg4 {[%emt 0:00:45]} 54. Kf2 {[%emt 0:00:05]} a5 {[%emt 0:01:03]} 55. Nc4 {[%emt 0:00:13]} 1-0

[Event "WYCC 2018 O16"]
[Site "Halkidiki"]
[Date "2018.10.27"]
[Round "8"]
[White "Jakab, Bela"]
[Black "Vlachos, Anatole"]
[Result "1-0"]
[WhiteElo "2285"]
[BlackElo "2435"]
[Annotator "TA"]
[PlyCount "83"]
[EventDate "2018.10.20"]
[EventType "swiss"]
[EventCountry "GRE"]
[SourceTitle "playchess.com"]
[Source "ChessBase"]
[SourceQuality "1"]

{[%evp 18,83,83,68,134,126,165,131,232,236,324,303,314,316,304,281,492,494,537,502,781,769,912,847,839,838,818,727,1348,636,575,452,471,471,452,434,988,679,2035,1527,1435,1473,1154,932,956,933,874,862,772,766,976,912,1092,1092,1091,1077,1056,1035,1523,1864,3271,3056,3605,2712,29981,29980,29988,29989]} 1. e4 e6 2. d4 d5 3. Nc3 Nf6 4. e5 Ne4 5. Nxe4 dxe4 6. Bc4 a6 7. c3 {C11: Französische Verteidigung} b5 8. Bb3 c5 9. Ne2 {[%cal Bg1e2,Be2g3,Bg3e4,Be4d6,Bd6b7,Bb7c5][%mdl 32]} Bb7 10. O-O {LiveBook: 9 Partien} Nd7 (10... Nc6 $14) (10... Nc6 11. Be3 Be7 12. Ng3 cxd4 13. cxd4 h5 14. Nxh5 g6 {1-0 (37) Mekhitarian,K (2534)-Pazos Porta,A (2325) Abu Dhabi 2017}) 11. Ng3 $16 Qh4 $146 {[#]} ({Vorgänger:} 11... c4 12. Bc2 f5 13. exf6 Nxf6 14. Bg5 Be7 15. Bxf6 gxf6 16. Bxe4 Bxe4 17. Nxe4 {0-1 (42) Nikolovska,D (1878)-Krstev,E (2050) Struga 2016}) 12. Re1 $1 c4 (12... Rd8 $16) 13. Bc2 $18 f5 14. exf6 $1 Nxf6 {[#] beabsichtigt ...Ld6.} 15. Bxe4 $1 {[%mdl 512]} Nxe4 ({Natürlich nicht} 15... Bxe4 16. Nxe4 Nxe4 17. g3 $18) 16. Nxe4 Be7 $2 {[#]} (16... h6 {war angesagt.} 17. Qf3 O-O-O) 17. Bg5 $1 {[%cal Rg5h4][%mdl 512]} Bxg5 18. Nd6+ Kd7 (18... Kf8 $142 19. Nxb7 Kg8) 19. Nxb7 Raf8 20. g3 Qh3 21. Nc5+ Kc8 22. Qe2 {Weiss droht De4 und Matt.} e5 23. dxe5 (23. Qe4 $142 Rxf2 24. Qc6+ (24. Kxf2 $2 {geht unter.} Qxh2+ 25. Kf3 Rf8+ 26. Qf5+ Rxf5+ $19) 24... Kd8 25. Qd6+ (25. Kxf2 $2 Qxh2+ 26. Kf3 Rf8+ 27. Ke4 Qg2+ 28. Kxe5 Qxc6 $19) 25... Ke8 26. Rxe5+ Kf7 27. Qd5+ Kg6 28. Rxg5+ Kh6 29. Kxf2) 23... Be7 24. Qe4 {Droht Matt per Dc6+.} Bxc5 25. Qc6+ Kb8 26. Qxc5 Kb7 (26... Qc8 $142 27. Qd6+ Kb7) 27. Rad1 Rd8 28. Rd6 {Beabsichtigt Tb6+ und Matt.} Qc8 29. Rb6+ Ka8 30. Rc6 Qb7 31. Rc7 Rd5 32. Rxb7 {[%csl Gb7][%cal Rc5a7]} Rxc5 33. Rxg7 {[%mdl 4096] Endspiel KTT-KTT} Rd5 34. Re2 h5 35. e6 Re8 36. Rf7 Kb8 37. f4 {[%cal Bf2f4,Bf4f5,Bf5f6][%mdl 32]} a5 38. f5 b4 39. f6 Rd1+ 40. Kg2 h4 41. e7 h3+ 42. Kxh3 {Precision: Weiß = 84%, Schwarz = 14%.} 1-0

[Event "WYCC 2018 O16"]
[Site "Halkidiki"]
[Date "2018.10.27"]
[Round "8"]
[White "Peng, Hongchi"]
[Black "Koustav Chatterjee"]
[Result "0-1"]
[WhiteElo "2273"]
[BlackElo "2344"]
[Annotator "NA"]
[PlyCount "108"]
[EventDate "2018.10.20"]
[EventType "swiss"]
[EventCountry "GRE"]
[SourceTitle "playchess.com"]
[Source "ChessBase"]
[SourceQuality "1"]
[TimeControl "40/5400+30:1800+30"]

1. e4 {[%emt 0:00:00]} e6 {[%emt 0:02:44]} 2. d4 {[%emt 0:00:00]} d5 {[%emt 0:00:24]} 3. Nc3 {[%emt 0:00:00]} Nf6 {[%emt 0:00:07]} 4. e5 {[%emt 0:00:06]} Nfd7 {[%emt 0:00:09]} 5. f4 {[%emt 0:00:02]} c5 {[%emt 0:00:17]} 6. Nf3 {[%emt 0:00:08]} Nc6 {[%emt 0:00:09]} 7. Be3 {[%emt 0:00:06]} cxd4 {[%emt 0:00:59]} 8. Nxd4 {[%emt 0:00:02]} Bc5 {[%emt 0:00:05]} 9. Qd2 {[%emt 0:00:29]} O-O {[%emt 0:00:12]} 10. O-O-O {[%emt 0:00:11]} a6 {[%emt 0:00:21]} 11. Kb1 {[%emt 0:00:46]} Nxd4 {[%emt 0:01:23]} 12. Bxd4 {[%emt 0:00:01]} b5 {[%emt 0:00:11]} 13. Bxc5 {[%emt 0:01:23]} Nxc5 {[%emt 0:00:09]} 14. Qd4 {[%emt 0:00:54]} Qb6 {[%emt 0:04:46]} 15. Ne2 $15 {[%emt 0:13:45]} (15. f5 $5) 15... b4 {[%emt 0:09:58]} 16. Nc1 {[%emt 0:00:06]} Rb8 {[%emt 0:02:00]} 17. Bd3 {[%emt 0:06:04]} a5 {[%emt 0:11:46]} 18. Nb3 {[%emt 0:01:46]} Nxb3 {[%emt 0:06:35]} 19. Qxb6 {[%emt 0:00:05]} Nd2+ {[%emt 0:01:22]} 20. Rxd2 {[%emt 0:00:03]} Rxb6 {[%emt 0:00:03]} 21. Rc1 {[%emt 0:00:05]} Bb7 {[%emt 0:09:09]} 22. c3 {[%emt 0:19:10]} b3 {[%emt 0:09:06]} 23. axb3 {[%emt 0:06:21]} Rxb3 {[%emt 0:01:14]} 24. Kc2 {[%emt 0:00:55]} Rb6 {[%emt 0:05:33]} 25. Ra1 {[%emt 0:00:33]} Ra8 {[%emt 0:03:32]} 26. Kc1 {[%emt 0:05:46]} d4 {[%emt 0:08:43]} 27. cxd4 {[%emt 0:01:42]} Rb4 {[%emt 0:00:05]} 28. f5 {[%emt 0:01:58]} g6 {[%emt 0:08:54]} 29. fxe6 {[%emt 0:01:09]} fxe6 {[%emt 0:00:05]} 30. Bc2 {[%emt 0:01:30]} a4 {[%emt 0:04:31]} 31. Ra3 {[%emt 0:04:05]} Bd5 {[%emt 0:00:07]} 32. Kb1 {[%emt 0:08:07]} Bc6 {[%emt 0:06:18]} 33. Rc3 {[%emt 0:02:59]} Bd5 {[%emt 0:00:19]} 34. Ka1 {[%emt 0:01:49]} Rf8 {[%emt 0:00:18]} 35. Bd1 {[%emt 0:10:32]} Rf1 {[%emt 0:00:17]} 36. Rc1 {[%emt 0:00:55]} Rc4 {[%emt 0:00:55]} 37. Rxc4 {[%emt 0:06:37]} Bxc4 {[%emt 0:00:13]} 38. b4 {[%emt 0:00:01]} Bb3 {[%emt 0:00:39]} 39. d5 {[%emt 0:02:05]} Rxd1+ {[%emt 0:01:27]} 40. Rxd1 {[%emt 0:00:00]} Bxd1 {[%emt 0:00:00]} 41. d6 {[%emt 0:05:34]} Kf8 {[%emt 0:01:29]} 42. b5 {[%emt 0:00:45]} Be2 {[%emt 0:00:09]} 43. b6 {[%emt 0:00:15]} Ba6 {[%emt 0:00:04]} 44. Kb2 {[%emt 0:00:18]} Bb7 {[%emt 0:00:16]} 45. g4 {[%emt 0:01:07]} Ke8 {[%emt 0:00:19]} 46. Ka3 {[%emt 0:01:00]} Bc6 {[%emt 0:00:15]} 47. h4 {[%emt 0:03:16]} Kd7 {[%emt 0:01:25]} 48. b7 {[%emt 0:00:07]} Bxb7 {[%emt 0:00:02]} 49. Kxa4 {[%emt 0:00:02]} Kc6 {[%emt 0:00:05]} 50. Kb4 {[%emt 0:00:17]} Kb6 {[%emt 0:00:55]} 51. Kc4 {[%emt 0:00:12]} Bc6 {[%emt 0:00:05]} 52. Kd4 {[%emt 0:00:51]} Kb5 {[%emt 0:00:17]} 53. Ke3 {[%emt 0:00:11]} Kc5 {[%emt 0:00:05]} 54. Kf4 {[%emt 0:00:21]} h6 {[%emt 0:00:06]} 0-1

[Event "WYCC 2018 O16"]
[Site "Halkidiki"]
[Date "2018.10.27"]
[Round "8"]
[White "De Waele, Warre"]
[Black "Vestby-Ellingsen, Mads"]
[Result "1-0"]
[WhiteElo "2272"]
[BlackElo "2410"]
[Annotator "TA"]
[PlyCount "111"]
[EventDate "2018.10.20"]
[EventType "swiss"]
[EventCountry "GRE"]
[SourceTitle "playchess.com"]
[Source "ChessBase"]
[SourceQuality "1"]

{[%evp 21,111,20,60,26,78,73,108,108,92,91,131,111,100,64,68,77,81,66,76,63,78,72,79,89,107,99,112,67,67,71,120,118,118,91,104,99,110,118,137,112,150,149,181,157,156,154,168,117,100,94,107,100,140,135,328,316,340,339,2285,1749,2357,2355,29975,29976,29976,29976,6111,5816,29982,29983,29983,29984,29984,29985,29985,29986,29986,29982,3018,3733,29987,29988,29986,1312,1054,1024,29984,29983,29987,29988,29996,29997]} 1. d4 Nf6 2. c4 g6 3. Nc3 d5 4. cxd5 Nxd5 5. e4 Nxc3 6. bxc3 Bg7 7. Nf3 c5 8. Be3 O-O 9. Be2 b6 10. O-O Bb7 11. Qd3 Nd7 {LiveBook: 3 Games. D85: Exchange Grünfeld: Unusual White 7th moves and lines with 7 Nf3} (11... e6 12. Rfd1 Nd7 13. a4 Qc7 14. a5 bxa5 15. Nd2 Rfc8 16. Qb5 Bf8 17. Qxa5 cxd4 18. cxd4 Qxa5 19. Rxa5 {½-½ (46) San Segundo Carrillo,P (2570)-Ponomariov,R (2727) San Sebastian 2009}) 12. Rac1 e5 (12... e6 $11) 13. d5 $16 h6 {White is better.} 14. Nd2 f5 {[#] And now ...f4 would win.} 15. f3 $1 Qc7 16. Qb1 Nf6 17. c4 f4 18. Bf2 g5 19. Qb2 h5 $146 20. a4 a5 21. Nb1 Bc8 22. Nc3 Bd7 23. Rfd1 Qd6 24. Nb5 Bxb5 $1 25. Qxb5 Rfc8 26. Rb1 Rab8 27. Rb3 Bf8 28. Rdb1 Be7 29. g3 fxg3 30. hxg3 g4 31. Kg2 Kg7 32. Be3 gxf3+ 33. Bxf3 Ng4 34. Bxg4 (34. Rh1 $18) 34... hxg4 35. Rf1 Rf8 36. Rxf8 Kxf8 37. Rb1 Qg6 $2 (37... Kg8 $16 {is a better defense.}) 38. Rf1+ $18 Kg8 {[#]} 39. Rf5 $1 Qh7 $2 (39... Rf8 40. Qd7 (40. Rxe5 Qh7 $11) 40... Rxf5 41. exf5 Qf7) 40. Qd7 {Intending Qe6+ and mate.} Qh3+ 41. Kf2 Qh2+ 42. Kf1 Rf8 43. Qe6+ Kh8 44. Qxe5+ Kg8 45. Qe6+ Kh8 46. Qxe7 {[%cal Rf5f8]} Rxf5+ 47. exf5 Qh1+ 48. Ke2 Qg2+ 49. Bf2 Qf3+ 50. Ke1 {White threatens f6 and mate.} Qc3+ 51. Kf1 Qxc4+ 52. Qe2 (52. Kg1 $142 Qc1+ 53. Be1 c4 54. d6 Kg8 55. f6 Qxe1+ 56. Qxe1 Kf7 57. Qe7+ Kg6 58. f7 Kh5 59. f8=Q Kg6 60. Qg8+ Kh6 61. Qgh7#) 52... Qxd5 53. Qxg4 b5 54. f6 {[%csl Gf6][%cal Rg4g7] White mates.} Qd3+ 55. Kg1 {[%csl Gf6][%cal Rg4g7]} Qd1+ 56. Qxd1 {Precision: White = 63%, Black = 33%.} 1-0

[Event "WYCC 2018 O16"]
[Site "Halkidiki"]
[Date "2018.10.27"]
[Round "8"]
[White "Mukhutdinov, Tigran"]
[Black "Kalavannan, Koby"]
[Result "1/2-1/2"]
[WhiteElo "2256"]
[BlackElo "2365"]
[Annotator "NA"]
[PlyCount "160"]
[EventDate "2018.10.20"]
[EventType "swiss"]
[EventCountry "GRE"]
[SourceTitle "playchess.com"]
[Source "ChessBase"]
[SourceQuality "1"]
[TimeControl "40/5400+30:1800+30"]

1. e4 {[%emt 0:00:00]} c5 {[%emt 0:00:00]} 2. Nc3 {[%emt 0:00:00]} g6 {[%emt 0:00:00]} 3. f4 {[%emt 0:00:03]} Bg7 {[%emt 0:00:00]} 4. Nf3 {[%emt 0:00:11]} Nc6 {[%emt 0:00:00]} 5. Bb5 {[%emt 0:00:18]} Nd4 {[%emt 0:00:07]} 6. Bd3 {[%emt 0:02:49]} d6 {[%emt 0:01:16]} 7. Nxd4 {[%emt 0:00:43]} cxd4 {[%emt 0:00:03]} 8. Ne2 {[%emt 0:00:06]} Nf6 {[%emt 0:00:28]} 9. c3 {[%emt 0:02:21]} dxc3 {[%emt 0:02:47]} 10. dxc3 {[%emt 0:00:58]} Qb6 {[%emt 0:03:10]} 11. Qb3 {[%emt 0:03:03]} Qxb3 {[%emt 0:03:33]} 12. axb3 {[%emt 0:00:07]} O-O {[%emt 0:08:00]} 13. O-O {[%emt 0:08:37]} Bd7 {[%emt 0:08:15]} 14. Nd4 {[%emt 0:05:49]} e5 {[%emt 0:10:16]} 15. Nf3 {[%emt 0:11:29]} Rfe8 {[%emt 0:02:59]} 16. fxe5 {[%emt 0:01:52]} dxe5 {[%emt 0:00:05]} 17. Ra5 {[%emt 0:01:35]} Bc6 {[%emt 0:08:00]} 18. Re1 {[%emt 0:05:56]} Nd7 {[%emt 0:08:44]} 19. Bb5 {[%emt 0:02:05]} Bxb5 {[%emt 0:06:33]} 20. Rxb5 {[%emt 0:00:06]} b6 {[%emt 0:00:02]} 21. Rd5 {[%emt 0:06:54]} Nc5 {[%emt 0:02:51]} 22. b4 {[%emt 0:01:24]} Ne6 {[%emt 0:03:15]} 23. Be3 {[%emt 0:01:23]} f5 {[%emt 0:08:18]} 24. Ra1 {[%emt 0:02:46]} fxe4 {[%emt 0:13:03]} 25. Nd2 {[%emt 0:01:39]} Nf4 {[%emt 0:00:01]} 26. Rd7 {[%emt 0:00:36]} a5 {[%emt 0:01:14]} 27. g3 {[%emt 0:06:36]} Nd3 {[%emt 0:01:21]} 28. Nxe4 {[%emt 0:00:55]} Nxb2 {[%emt 0:00:31]} 29. Bxb6 {[%emt 0:04:25]} a4 {[%emt 0:04:03]} 30. Rc7 {[%emt 0:07:35]} Rec8 {[%emt 0:01:40]} 31. Rxc8+ {[%emt 0:04:24]} Rxc8 {[%emt 0:00:01]} 32. Bc5 {[%emt 0:02:00]} Ra8 {[%emt 0:01:53]} 33. Ra2 {[%emt 0:02:07]} Nc4 {[%emt 0:00:06]} 34. Kf2 {[%emt 0:00:57]} Kf7 {[%emt 0:01:04]} 35. Ke2 {[%emt 0:04:04]} Ke6 {[%emt 0:00:03]} 36. Kd3 {[%emt 0:03:33]} Kd5 {[%emt 0:00:00]} 37. Be7 {[%emt 0:03:38]} a3 {[%emt 0:01:30]} 38. Nd2 {[%emt 0:01:59]} Nxd2 {[%emt 0:01:17]} 39. Kxd2 {[%emt 0:00:22]} Kc4 {[%emt 0:00:20]} 40. Kc2 {[%emt 0:00:00]} e4 {[%emt 0:00:00]} 41. b5 {[%emt 0:04:50]} e3 {[%emt 0:16:38]} 42. Bg5 {[%emt 0:01:26]} e2 {[%emt 0:02:58]} 43. Bd2 {[%emt 0:01:52]} Bh6 {[%emt 0:05:55]} 44. Be1 {[%emt 0:02:27]} Rd8 {[%emt 0:01:19]} 45. Rxa3 {[%emt 0:02:34]} Rd1 {[%emt 0:00:04]} 46. Ra4+ {[%emt 0:00:03]} Kxb5 {[%emt 0:02:59]} 47. Rb4+ {[%emt 0:00:36]} Ka5 {[%emt 0:00:41]} 48. Rb1 {[%emt 0:00:23]} Rxb1 {[%emt 0:00:05]} 49. Kxb1 {[%emt 0:00:03]} Kb5 {[%emt 0:00:12]} 50. Kc2 {[%emt 0:00:12]} Kc4 {[%emt 0:00:02]} 51. g4 {[%emt 0:01:29]} Bf4 {[%emt 0:06:16]} 52. h3 {[%emt 0:00:44]} h6 {[%emt 0:00:35]} 53. Bf2 {[%emt 0:00:27]} Bg5 {[%emt 0:00:48]} 54. Bg3 {[%emt 0:00:52]} Be3 {[%emt 0:00:22]} 55. Be1 {[%emt 0:00:39]} Bg5 {[%emt 0:00:28]} 56. Bg3 {[%emt 0:00:11]} Bf4 {[%emt 0:00:03]} 57. Bf2 {[%emt 0:00:13]} g5 {[%emt 0:00:31]} 58. Be1 {[%emt 0:00:30]} Be5 {[%emt 0:01:08]} 59. Kd2 {[%emt 0:00:38]} Bxc3+ {[%emt 0:00:16]} 60. Kxe2 {[%emt 0:00:03]} Bxe1 {[%emt 0:00:05]} 61. Kxe1 {[%emt 0:00:03]} Kd3 {[%emt 0:00:42]} 62. Kf2 {[%emt 0:00:03]} Kd2 {[%emt 0:01:00]} 63. Kg3 {[%emt 0:00:29]} Ke3 {[%emt 0:00:21]} 64. h4 {[%emt 0:00:09]} Ke4 {[%emt 0:00:17]} 65. hxg5 {[%emt 0:00:05]} hxg5 {[%emt 0:00:03]} 66. Kf2 {[%emt 0:00:21]} Kf4 {[%emt 0:00:08]} 67. Kg1 {[%emt 0:00:05]} Kg3 {[%emt 0:00:44]} 68. Kf1 {[%emt 0:00:08]} Kh2 {[%emt 0:00:39]} 69. Kf2 {[%emt 0:00:07]} Kh3 {[%emt 0:00:06]} 70. Kf3 {[%emt 0:00:04]} Kh4 {[%emt 0:00:05]} 71. Kf2 {[%emt 0:00:03]} Kh3 {[%emt 0:00:58]} 72. Kf3 {[%emt 0:00:05]} Kh4 {[%emt 0:00:02]} 73. Kf2 {[%emt 0:00:06]} Kxg4 {[%emt 0:00:03]} 74. Kg2 {[%emt 0:00:10]} Kf4 {[%emt 0:00:14]} 75. Kf2 {[%emt 0:00:06]} g4 {[%emt 0:00:09]} 76. Kg2 {[%emt 0:00:05]} g3 {[%emt 0:00:04]} 77. Kg1 {[%emt 0:00:10]} Kg4 {[%emt 0:00:08]} 78. Kg2 {[%emt 0:00:06]} Kh4 {[%emt 0:00:02]} 79. Kg1 {[%emt 0:00:11]} Kh3 {[%emt 0:00:01]} 80. Kh1 {[%emt 0:00:08]} g2+ {[%emt 0:00:03]} 1/2-1/2

[Event "WYCC 2018 O16"]
[Site "Halkidiki"]
[Date "2018.10.27"]
[Round "8"]
[White "Quirhuayo Chumbe, German Gonzalo"]
[Black "Teclaf, Pawel"]
[Result "1/2-1/2"]
[WhiteElo "2220"]
[BlackElo "2384"]
[Annotator "NA"]
[PlyCount "76"]
[EventDate "2018.10.20"]
[EventType "swiss"]
[EventCountry "GRE"]
[SourceTitle "playchess.com"]
[Source "ChessBase"]
[SourceQuality "1"]
[TimeControl "40/5400+30:1800+30"]

1. e4 {[%emt 0:00:00]} c6 {[%emt 0:00:00]} 2. Nc3 {[%emt 0:00:00]} d5 {[%emt 0:00:00]} 3. Nf3 {[%emt 0:00:00]} Bg4 {[%emt 0:00:00]} 4. h3 {[%emt 0:00:00]} Bxf3 {[%emt 0:00:00]} 5. Qxf3 {[%emt 0:00:05]} Nf6 {[%emt 0:00:00]} 6. d3 {[%emt 0:01:47]} e6 {[%emt 0:00:19]} 7. Bd2 {[%emt 0:00:10]} Qb6 {[%emt 0:01:05]} 8. O-O-O {[%emt 0:00:19]} d4 {[%emt 0:01:12]} 9. Ne2 {[%emt 0:00:24]} c5 {[%emt 0:00:04]} 10. g4 {[%emt 0:01:20]} Nc6 {[%emt 0:01:09]} 11. g5 {[%emt 0:02:04]} Nd7 {[%emt 0:00:04]} 12. Qg3 {[%emt 0:01:13]} O-O-O {[%emt 0:01:23]} 13. Kb1 {[%emt 0:14:01]} h6 {[%emt 0:14:31]} 14. h4 {[%emt 0:01:22]} Bd6 {[%emt 0:10:17]} 15. Qg1 {[%emt 0:08:43]} hxg5 {[%emt 0:15:01]} 16. Bxg5 {[%emt 0:01:22]} Rdg8 {[%emt 0:03:59]} 17. Bc1 {[%emt 0:07:59]} Qd8 {[%emt 0:06:10]} 18. Bg5 {[%emt 0:10:57]} Qb6 {[%emt 0:01:37]} 19. Bc1 {[%emt 0:00:46]} g6 {[%emt 0:03:29]} 20. f4 {[%emt 0:10:01]} Be7 {[%emt 0:04:07]} 21. h5 {[%emt 0:02:23]} Qd8 {[%emt 0:06:00]} 22. hxg6 {[%emt 0:02:13]} Rxg6 {[%emt 0:00:16]} 23. Rxh8 {[%emt 0:00:06]} Qxh8 {[%emt 0:00:06]} 24. Qf2 {[%emt 0:00:12]} Qh1 {[%emt 0:04:35]} 25. Qe1 {[%emt 0:08:15]} Rg8 {[%emt 0:04:08]} 26. c3 {[%emt 0:01:46]} Kb8 {[%emt 0:02:31]} 27. b3 {[%emt 0:05:13]} Qf3 {[%emt 0:07:28]} 28. Bb2 {[%emt 0:04:05]} dxc3 {[%emt 0:02:27]} 29. Bxc3 {[%emt 0:00:48]} Nf6 {[%emt 0:01:14]} 30. Qd2 {[%emt 0:02:25]} Nh5 {[%emt 0:02:09]} 31. Kb2 {[%emt 0:04:04]} Rd8 {[%emt 0:01:22]} 32. a3 {[%emt 0:01:41]} a5 {[%emt 0:01:14]} 33. Ka2 {[%emt 0:01:55]} b6 {[%emt 0:02:18]} 34. Kb2 {[%emt 0:01:23]} Bf8 {[%emt 0:01:23]} 35. f5 {[%emt 0:02:13]} exf5 {[%emt 0:02:51]} 36. exf5 {[%emt 0:00:13]} Qxf5 {[%emt 0:01:35]} 37. Bg2 {[%emt 0:00:25]} Ne5 {[%emt 0:00:24]} 38. Be4 {[%emt 0:00:39]} Qf6 1/2-1/2

[Event "WYCC 2018 O16"]
[Site "Halkidiki"]
[Date "2018.10.27"]
[Round "8"]
[White "Wang, Yanbin"]
[Black "Mitsis, Georgios"]
[Result "1-0"]
[WhiteElo "2220"]
[BlackElo "2350"]
[Annotator "NA"]
[PlyCount "69"]
[EventDate "2018.10.20"]
[EventType "swiss"]
[EventCountry "GRE"]
[SourceTitle "playchess.com"]
[Source "ChessBase"]
[SourceQuality "1"]
[TimeControl "40/5400+30:1800+30"]

1. Nf3 {[%emt 0:00:00]} c5 {[%emt 0:00:00]} 2. e4 {[%emt 0:00:00]} d6 {[%emt 0:00:05]} 3. d4 {[%emt 0:00:00]} Nf6 {[%emt 0:00:19]} 4. Nc3 {[%emt 0:00:03]} cxd4 {[%emt 0:00:06]} 5. Nxd4 {[%emt 0:00:03]} a6 {[%emt 0:00:07]} 6. Be2 {[%emt 0:00:15]} e5 {[%emt 0:00:06]} 7. Nb3 {[%emt 0:00:05]} Be7 {[%emt 0:00:28]} 8. O-O {[%emt 0:00:13]} Be6 {[%emt 0:01:03]} 9. f4 {[%emt 0:00:49]} Qc7 {[%emt 0:10:24]} 10. f5 {[%emt 0:00:26]} Bc4 {[%emt 0:00:07]} 11. a4 {[%emt 0:01:01]} Nbd7 {[%emt 0:02:13]} 12. Be3 {[%emt 0:01:37]} Rc8 {[%emt 0:01:55]} 13. Kh1 {[%emt 0:08:47]} O-O {[%emt 0:05:05]} 14. a5 {[%emt 0:00:43]} Bxe2 15. Qxe2 {[%emt 0:00:05]} d5 {[%emt 0:07:26]} 16. exd5 {[%emt 0:03:44]} Bb4 {[%emt 0:00:27]} 17. Bb6 {[%emt 0:01:38]} Nxb6 {[%emt 0:03:35]} 18. axb6 {[%emt 0:00:04]} Qxb6 {[%emt 0:00:12]} 19. Ne4 {[%emt 0:01:14]} Nxd5 {[%emt 0:01:00]} 20. f6 {[%emt 0:00:17]} g6 {[%emt 0:02:14]} 21. c3 {[%emt 0:00:35]} Nf4 {[%emt 0:14:18]} 22. Qf2 {[%emt 0:29:01]} Qxf2 {[%emt 0:16:12]} 23. Rxf2 {[%emt 0:00:11]} Nd3 {[%emt 0:00:05]} 24. Rd2 {[%emt 0:02:43]} Nc5 {[%emt 0:00:06]} 25. Nbxc5 {[%emt 0:00:05]} Bxc5 {[%emt 0:00:05]} 26. Rd7 {[%emt 0:00:29]} b5 {[%emt 0:03:00]} 27. Rxa6 {[%emt 0:00:59]} b4 {[%emt 0:00:05]} 28. g3 {[%emt 0:04:44]} bxc3 {[%emt 0:00:45]} 29. bxc3 {[%emt 0:00:01]} Be3 {[%emt 0:03:13]} 30. Kg2 {[%emt 0:05:00]} Rfd8 {[%emt 0:00:56]} 31. Re7 {[%emt 0:00:38]} h6 {[%emt 0:02:00]} 32. Nd6 {[%emt 0:02:41]} Rxc3 {[%emt 0:06:45]} 33. Nxf7 {[%emt 0:00:09]} Rdc8 {[%emt 0:07:58]} 34. Nxe5 {[%emt 0:00:19]} R3c7 {[%emt 0:00:05]} 35. f7+ {[%emt 0:00:30]} 1-0